| 000 | 00780nam a2200229Ia 4500 | ||
|---|---|---|---|
| 003 | GCL | ||
| 008 | 140319s9999 xx 000 0 ara d | ||
| 040 |
_aGCL / _cGCL |
||
| 082 | 0 | 4 |
_a301.21 _bع ت |
| 100 | 1 | _aعزالدين فراج | |
| 245 | 1 | 0 |
_aالتنمية الاقتصادية والاجتماعية فى الوطن العربى وتحقيق الامن الغذائى / _cعزالدين فراج |
| 300 | _a238 ص | ||
| 490 | _a | ||
| 650 | 0 | 4 | _aالتكامل الاقتصادى |
| 650 | 0 | 4 | _aالزراعة |
| 650 | 0 | 4 | _aالتنمية الاقتصادية |
| 650 | 0 | 4 | _aالصناعات الغذائية |
| 650 | 0 | 4 | _aالانتاج الزراعى |
| 650 | 0 | 4 | _aالامن الغذائى |
| 650 | 0 | 4 | _aالاستيراد والتصدير |
| 942 |
_2ddc _cBK |
||
| 999 |
_c38688 _d38688 |
||